|
|
|
|
| LEADER |
00000nab a2200000 a 4500 |
| 001 |
vtls000798134 |
| 003 |
SK-MaSNL |
| 005 |
20260302155438.0 |
| 008 |
140301c2002 xo 0 slo |
| 015 |
|
|
|a SNBRB2002/06-20589
|
| 035 |
|
|
|a CLN000149789
|
| 040 |
|
|
|a SNKBUCL
|b slo
|c SNKBUCL
|e AACR2
|
| 041 |
0 |
|
|a slo
|
| 044 |
|
|
|a xo
|c SK
|
| 080 |
|
|
|a 629.114.6
|2 1997
|
| 100 |
1 |
|
|a Leontiev, Boris
|4 aut
|9 270242
|
| 245 |
1 |
0 |
|a Test: Fiat Stilo 1,9 JTD Active
|b talianska novinka prináša mnoho zlepšení
|c Boris Leontiev
|
| 300 |
|
|
|b Fotogr.
|
| 650 |
0 |
7 |
|a Fiat Stilo Active (osobný automobil)
|x parametre technické
|2 snkbucl
|9 853905
|
| 650 |
0 |
7 |
|a automobily osobné
|2 snkbucl
|9 838476
|
| 655 |
|
7 |
|a články z novín a časopisov
|2 snkbucl
|9 267496
|
| 773 |
0 |
|
|t Hospodárske noviny
|g Roč. 10, č. 95 (20.5.2002)
|x 1335-4701
|
| 773 |
0 |
|
|t [Príl.] Auto moto
|g Č. 24 (2002), s. 17
|x 1335-4701
|
| 850 |
|
|
|a Slovenská národná knižnica v Martine
|
| 852 |
|
|
|a SNK
|b KIS3GCP
|
| 992 |
|
|
|a RBX
|
| 999 |
|
|
|c 1371483
|d 1373413
|